| 000 | 004190000a22001690004500 | ||
|---|---|---|---|
| 003 | MACL | ||
| 005 | 20160101114841.0 | ||
| 008 | 160101b xxu||||| |||| 00| 0 eng d | ||
| 040 |
_aMACL _cMACL |
||
| 041 | _aEnglish | ||
| 082 | _a339/HUN | ||
| 100 |
_aChalmers, Thomas _926125 |
||
| 245 | _aProblems of Poverty | ||
| 260 |
_bThomas Nelsons & Sons _aNew York |
||
| 650 |
_aEconomics _926126 |
||
| 942 |
_cBK _k339/CHA _2ddc |
||
| 999 |
_c37945 _d37945 |
||